Los versos del sub-teniente o Teoría de la luz propia
Enregistré dans:
| Auteur principal: | |
|---|---|
| Format: | Livre |
| Langue: | espagnol |
| Publié: |
Santiago
LOM
2011
|
| Édition: | 1a. ed |
| Collection: | Colección Entre Mares
|
| Sujets: | |
| Tags: |
Ajouter un tag
Pas de tags, Soyez le premier à ajouter un tag!
|
MARC
| LEADER | 00000cam a2200000 a 4500 | ||
|---|---|---|---|
| 001 | UCF1893 | ||
| 003 | CL-VaPUC | ||
| 008 | 120802e20110000CL |||||||||||||||||spa|d | ||
| 020 | |a 9789560002891 | ||
| 082 | 0 | 4 | |a Ch861 |b REY |2 21 |
| 100 | 0 | |a Reyes Khandia, Marcelo |e author |9 563429 | |
| 245 | 1 | 4 | |a Los versos del sub-teniente o Teoría de la luz propia |
| 250 | |a 1a. ed | ||
| 300 | |a 107 p | ||
| 942 | |c BK | ||
| 945 | |d 20120802 00:00:00 |a cmena | ||
| 260 | |a Santiago |b LOM |c 2011 | ||
| 650 | 0 | |a Poesías chilenas |9 265280 | |
| 650 | 7 | |a LITERATURA CHILENAS |2 CL-VaPUC |9 563430 | |
| 583 | |a last modification |c 20120802 10:35:00 |k Rodrigo Vera | ||
| 490 | 0 | |a Colección Entre Mares | |
| 999 | |c 348581 |d 348579 | ||
| 952 | |0 0 |1 0 |4 0 |6 CH_861_000000000000000_REY_2011 |7 0 |8 A |9 450666 |a BIBING |b BIBING |d 2019-11-22 |i 4871073 |o Ch861 REY 2011 |p 4871073 |r 2025-01-20 |w 2019-11-22 |y BK |k CUI | ||